Kedah Darul Aman

Bibliographic Details
Main Author: Suraya
Format: Book
Published: Kuala Lumpur : Penerbitan Hartamas , 1995
Series:Siri tanah airku
Subjects:

MARC

LEADER 00000cam a2200000 7i4500
001 0000066613
005 20161005.0
008 161005
020 |a 9830340635(set) 
020 |a 9830340694 
090 0 0 |a PLC   |b MAL 
100 1 |a Suraya 
245 1 0 |a Kedah Darul Aman   |c Suraya 
260 |a Kuala Lumpur :   |b Penerbitan Hartamas ,   |c 1995 
300 |a 37pg. :   |b col. ill. 
490 1 |a Siri tanah airku 
500 |a Children ages 7-9 years old (orange) 
650 0 |a Kedah   |x History 
999 |a 0000585206   |b Book   |c Children Collection   |e Cawangan Bandar Penawar 
999 |a 0000585223   |b Book   |c Children Collection   |e Cawangan Pontian 
999 |a 0000585224   |b Book   |c Children Collection   |e Cawangan Tmn. Ungku Tun Aminah 
999 |a 0000585226   |b Book   |c Children Collection   |e Cawangan Mersing 
999 |a 0000797843   |b Book   |c Children Collection   |e Cawangan Segamat 
999 |a 0000799268   |b Book   |c Children Collection   |e Cawangan Pontian 
999 |a 0000817261   |b Book   |c Children Collection   |e Cawangan Bandar Penawar 
999 |a 0000818921   |b Book   |c Children Collection   |e Cawangan Mersing 
999 |a 0000931903   |b Book   |c Children Collection   |e Cawangan Tangkak 
999 |a 0000931904   |b Book   |c Children Collection   |e Cawangan Tangkak 
999 |a 0000931905   |b Book   |c Children Collection   |e Cawangan Tangkak 
999 |a 0000944077   |b Book   |c Children Collection   |e Cawangan Taman Sri Lambak 
999 |a 0000944078   |b Book   |c Children Collection   |e Cawangan Taman Sri Lambak 
999 |a 0000944079   |b Book   |c Children Collection   |e Cawangan Taman Sri Lambak